00533nam a22001817a 45000050016000000100014000160200025000300200022000550350013000770370013000900820008001031000017001112450079001282600038002072700062002453000024003077000020003312010072205365.0 aENG-97092 c95.00a9788128817502 c95.00a8128817507 aEN-80625 bDBAD/PUB a920 aKumar Pankaj aThe first lady president Pratibha Patil /cby Kumar Pankaj, Ayushma Sharma aDelhibDiamond Pocket Booksc2008 bNew Delhi ax-30, Okhla industrial Area, Phase-iie110020 a176 p.c22 cm (pbk) aSharma, Ayushma